Návrh opatrení na zlepšenie procesu získavania a výberu zamestnancov v podniku K&J&G a. s.

Salvato in:
Dettagli Bibliografici
Autore principale: Benovič, Martin (Autore)
Altri autori: Koltnerová, Kristína (Relatore della tesi)
Natura: Manoscritto Libro
Lingua:slovacco
Pubblicazione: 2015
Soggetti:
Accesso online:http://is.stuba.sk/zp/portal_zp.pl?podrobnosti=112226
Tags: Aggiungi Tag
Nessun Tag, puoi essere il primo ad aggiungerne!!

MARC

LEADER 00000ntm a22000003a 4500
001 stuzp43603
003 SK-STU
005 20160719153038.6
007 ta
008 150427s2015----xo-----f-mn---000-0-slo-d
040 |a STU  |b slo 
041 0 |a slo 
100 1 |a Benovič, Martin  |u 064000  |4 aut  |U MTF Materiálovotechnologická fakulta  |T MTF Ústav priemyselného inžinierstva a manažmentu  |X 45766  |U M4000  |Y 84  |7 45766 
242 0 1 |a The draft of the measures to improve the process of the acquisition and selection of employees in an enterprise K&J&G a. s.  |y eng 
245 1 0 |a Návrh opatrení na zlepšenie procesu získavania a výberu zamestnancov v podniku K&J&G a. s. 
260 |c 2015 
650 4 |a personálny manažment  |2 slo 
650 4 |a personálne plánovanie  |2 slo 
650 4 |a získavanie zamestnancov  |2 slo 
650 4 |a výber zamestnancov  |2 slo 
650 4 |a personnel management  |2 eng 
650 4 |a personnel planning  |2 eng 
650 4 |a sourcing  |2 eng 
650 4 |a selection of employees  |2 eng 
700 1 |a Koltnerová, Kristína  |4 ths  |X 32947  |7 A000032947 
856 4 |u http://is.stuba.sk/zp/portal_zp.pl?podrobnosti=112226 
996 |c M* BP-7324  |l MMSKP  |s P  |a 0  |w stuzp43603_0001 
SQL |a stuzp43603  |b DBP  |c SLO  |d Návrh opatrení na zlepšenie procesu získavania a výberu zamestnancov v podniku K&J&G a. s.  |e 45766  |f Benovič, Martin  |g 064000  |h 32947  |i Koltnerová, Kristína  |j 20150623  |k 173  |l 06  |m http://is.stuba.sk/zp/portal_zp.pl?podrobnosti=112226  |n B-PPP  |o 5.2.52. priemyselné inžinierstvo